000 00723cam a22002532a 4500
001 34626
003 BD-RjUL
005 20211209052204.0
008 140518s1963 njua b 000 0 eng d
035 _a(BD-RjUL)34720
040 _aDLC
_cWSU
_dSER
_dUKM
_dBD-RjUL
_beng
041 _aeng
082 _a301.44
_bHSC 1963
100 1 _aHsu, Francis L. K.,
_d1909-1999
_97656
245 1 0 _aClan, caste, and club /
_cby F.L.K. Hsu
260 _aPrinceton, N.J ;
_aLondon :
_bVan Nostrand,
_c1963
300 _axi, 335 p. ;
_c24 cm
504 _aBibliography: p. 312-320 - Includes indexes
650 0 _aCulture
_9105338
650 0 _aAnthropology
_9105339
942 _2ddc
_cBK
999 _c34626
_d34626